Оркестровые трудности для кларинета (Запис номер 365796)
[ съкратено ]
| 000 -Лидер | |
|---|---|
| Контролно поле с фиксирана дължина | 01205ncm a2200289 a 4500 |
| 003 - Код на организацията, давaща контролен номер | |
| Контролно поле | BLK |
| 005 - Дата и час на последна редакция | |
| Контролно поле | 20240425005336.0 |
| 008 - Елементи от данни с фиксирана дължина | |
| fixed length control field | 180414b bul |a|er|||| |0| c|bulo| |
| 040 ## - Източник на каталожния запис | |
| Идентификатор на билиотеката - собственик на записа | BLK |
| 041 ## - Код за език | |
| Код за езика на текст/звукозапис или на отделно заглавие | Руски |
| Код за езика КДБФ | Руски |
| 080 ## - УДК | |
| Текстов определител УДК | Кларинет, баскларинет, басетхорн |
| УДК код - определител по УДК | 788.6 |
| УДК - код + определител | 788.6 |
| 100 1# - Редна дума - Автор | |
| Автор | Шостакович, Дмитрий Дмитриевич |
| Дати, свързани с автора | 1906 - 1975 |
| Автор - информация (биография) | Руски композитор и пианист |
| Авторска отговорност | първи автор |
| R(LIN) | 144053 |
| 139 ## - Редно поле | |
| Редна дума | Шостакович, Дмитрий Дмитриевич |
| Авторски знак | Шост - Ш 87 |
| 245 10 - Сведения за заглавието | |
| Заглавие | Оркестровые трудности для кларинета |
| Подзаглавни данни | Отрывки из симфоний |
| Редно поле (дума) | Дмитрий Дмитриевич Шостакович; Состав. А. А. Александров. |
| 257 ## - Страна на издаване | |
| Страна на създаване/издаване | Русия |
| 260 ## - Област на издателските данни | |
| Име на издателя, разпространителя и проч. | Музыка |
| Година на издаване | 1964 |
| Място на издаване, разпространение и проч. | Москва |
| 300 ## - Физическа характеристика | |
| Страници | 116 с. |
| Размери/Мащаб | 29 см |
| 380 ## - Жанр | |
| Жанр | Изкуство |
| 650 #0 - Допълнително описание по предмет – тема | |
| Основно описание – тема или топоним | Дуо - два кларинета |
| 9 (RLIN) | 403625 |
| 653 ## - Ключова дума – ненормативна | |
| Ключова дума | кларинети |
| 653 #7 - Ключова дума – ненормативна | |
| Ключова дума | инструментални дуети |
| 9 (RLIN) | 187701 |
| 852 ## - Местоположение | |
| Форматна сигнатура | Цб М ІІ 3360 |
| 856 4# - Електронен адрес и достъп | |
| Електронен формат | pdf - файл |
| Път до файла /url/ | |
| 856 4# - Електронен адрес и достъп | |
| Електронен формат | pdf - файл |
| Път до файла /url/ | |
| 999 ## - СИСТЕМНИ КОНТРОЛНИ НОМЕРА | |
| Koha biblionumber | 365796 |
| Koha biblioitemnumber | 365796 |
| 942 ## - АРТИКУЛИ | |
| Вид на библиотечния материал | Нотни издания |
| Скрит в OPAC | Не |
| Периодичен библиозапис | Да |
| Koha issues (borrowed), all copies | 3 |
| 944 ## - СЪЗДАВАНЕ И РЕДАКЦИЯ на ЗАПИСА | |
| Създаване/Редакция | Създаване |
| Дата на регистрацията/редакция | 2020-06-02 |
| Служител, извършил регистрацията/редакцията | |
| Статус, дата на статуса | CRON CRON |
| Код за отписване | Код за изгубен артикул | Източник на класификационната схема | Код за повреда | Коз за рестрикции | Код за отдаване | Артикулен № | Име на библиотеката - собственик | Име на библиотеката, в която се намира в момента | Статус (Текущо местоположение) | Дата на вписване в системата | Местоположение - отдел | Цена в лева | Инвентарен номер | Систематично азбучна сигнатура | Баркод | Цена в евро | Служебен тип на артикула |
|---|---|---|---|---|---|---|---|---|---|---|---|---|---|---|---|---|---|
| Не е изгубен | Universal Decimal Classification | Не е повреден | само за читалня | ползва се в читалня | 773900 | Регионална библиотека "Любен Каравелов" Русе | Регионална библиотека "Любен Каравелов" Русе | Хранилище | 2020-06-03 | Основен фонд - ползва се само за читалня | 1.16 | 2091/65 | Цб М ІІ 3360 | 900000016161 | 0.59 | Нотни издания |